Elements of Banking:Theory and applications (Record no. 15966)
[ view plain ]
| 000 -LEADER | |
|---|---|
| fixed length control field | 00475nam a22001817a 4500 |
| 003 - CONTROL NUMBER IDENTIFIER | |
| control field | OSt |
| 005 - DATE AND TIME OF LATEST TRANSACTION | |
| control field | 20220830102210.0 |
| 008 - FIXED-LENGTH DATA ELEMENTS--GENERAL INFORMATION | |
| fixed length control field | 220830b |||||||| |||| 00| 0 eng d |
| 020 ## - INTERNATIONAL STANDARD BOOK NUMBER | |
| International Standard Book Number | 9789380239873 |
| 040 ## - CATALOGING SOURCE | |
| Transcribing agency | IFM Library |
| 082 ## - DEWEY DECIMAL CLASSIFICATION NUMBER | |
| Classification number | 332.1 |
| 100 ## - MAIN ENTRY--PERSONAL NAME | |
| Personal name | Sharma, B. S. |
| 9 (RLIN) | 3744 |
| 245 ## - TITLE STATEMENT | |
| Title | Elements of Banking:Theory and applications |
| 260 ## - PUBLICATION, DISTRIBUTION, ETC. | |
| Place of publication, distribution, etc. | Delhi |
| Name of publisher, distributor, etc. | VISTA INTERNATIONAL PUBLICATION |
| Date of publication, distribution, etc. | 2012 |
| 300 ## - PHYSICAL DESCRIPTION | |
| Extent | 288p. 22cm |
| 500 ## - GENERAL NOTE | |
| General note | Include Index |
| 942 ## - ADDED ENTRY ELEMENTS (KOHA) | |
| Koha item type | Books |
| Source of classification or shelving scheme | Dewey Decimal Classification |
| Suppress in OPAC | No |
| Withdrawn status | Lost status | Damaged status | Not for loan | Home library | Current library | Shelving location | Date acquired | Total Checkouts | Full call number | Barcode | Date last seen | Price effective from | Koha item type | Source of classification or shelving scheme | Collection code | Source of acquisition |
|---|---|---|---|---|---|---|---|---|---|---|---|---|---|---|---|---|
| IFM Main Campus Library | IFM Main Campus Library | Special Reserve Collection | 08/30/2022 | 332.1 SHA | 0000020046 | 05/27/2016 | 02/19/2022 | Books | Dewey Decimal Classification | Non-fiction | Purchase | |||||
| IFM Main Campus Library | IFM Main Campus Library | Special Reserve Collection | 08/30/2022 | 332.1 SHA | 0000020045 | 05/27/2016 | 02/19/2022 | Books | Dewey Decimal Classification | Non-fiction | Purchase | |||||
| IFM Mwanza Campus | IFM Mwanza Campus | Mwanza Teaching Center | 05/27/2016 | 332.1 SHA | 0000020043 | 05/27/2016 | 02/19/2022 | Books |
